[Event "Dortmund op-B"]
[Site "Dortmund"]
[Date "2003.08.07"]
[Round "6"]
[White "Peutz, Arne"]
[Black "Duschek, Guenter"]
[Result "1/2-1/2"]
[WhiteElo "1486"]
[BlackElo "1679"]
[PlyCount "116"]
[EventDate "2003.08.01"]
[EventType "swiss"]
[EventRounds "9"]
[EventCountry "GER"]
[SourceTitle "CBM 095 Extra"]
[Source "ChessBase"]
[SourceDate "2003.09.04"]
[SourceVersion "1"]
[SourceVersionDate "2003.09.04"]
[SourceQuality "1"]

1. d4 d5 2. c4 c6 3. Nc3 Nf6 4. Nf3 Bf5 5. cxd5 cxd5 6. Qb3 Qd7 7. Ne5 Qc8 8. Nxd5 Nxd5 9. Qxd5 Be6 10. Qb5+ Bd7 11. Nxd7 Nxd7 12. Bf4 a6 13. Qb3 Qc6 14. Rc1 Qb6 15. Qxb6 Nxb6 16. e3 e6 17. a3 Nd5 18. Bg3 h5 19. h3 h4 20. Bh2 Be7 21. Be2 Kd7 22. 0-0 Rac8 23. Bf3 b5 24. Rfd1 f5 25. Be5 Rhg8 26. e4 fxe4 27. Bxe4 g5 28. Bf3 Rgf8 29. Bg4 Rg8 30. Re1 Nb6 31. Bxe6+ Kxe6 32. Bc7+ Kd7 33. Bxb6 Bf6 34. Bc5 Rc6 35. Re2 Rgc8 36. Rce1 R8c7 37. b4 Rc8 38. d5 Rxc5 39. bxc5 Rxc5 40. Re6 Bc3 41. Re7+ Kd6 42. R1e6+ Kxd5 43. Rxa6 Be5 44. Rd7+ Kc4 45. Rd1 Kb3 46. Ra8 Bb2 47. Kf1 Re5 48. Rdd8 Bc3 49. Re8 Rxe8 50. Rxe8 Kxa3 51. Ra8+ Kb3 52. Ke2 Kc2 53. Ra2+ Bb2 54. Kf3 b4 55. Kg4 b3 56. Ra6 Bc1 57. Rc6+ Kb2 58. g3 hxg3 1/2-1/2

[Event "Dortmund op-B"]
[Site "Dortmund"]
[Date "2003.08.03"]
[Round "3"]
[White "Ewers, Christian"]
[Black "Peutz, Arne"]
[Result "1-0"]
[WhiteElo "1695"]
[BlackElo "1486"]
[PlyCount "69"]
[EventDate "2003.08.01"]
[EventType "swiss"]
[EventRounds "9"]
[EventCountry "GER"]
[SourceTitle "CBM 095 Extra"]
[Source "ChessBase"]
[SourceDate "2003.09.04"]
[SourceVersion "1"]
[SourceVersionDate "2003.09.04"]
[SourceQuality "1"]

1. Nf3 d5 2. d4 Nf6 3. a3 h6 4. e3 Bg4 5. Be2 e6 6. Ne5 Bxe2 7. Qxe2 a6 8. c4 dxc4 9. Qxc4 c6 10. Nc3 Nbd7 11. Nd3 Rc8 12. b4 Nb6 13. Qb3 Nbd5 14. Na4 Ne4 15. Nac5 Bxc5 16. Nxc5 Nxc5 17. bxc5 Qc7 18. Rb1 Rb8 19. e4 Nf6 20. f3 Qd7 21. Be3 Qc7 22. 0-0 0-0 23. Rb2 Rfd8 24. Rfb1 Rd7 25. Qb6 Qc8 26. Rb4 g5 27. Qxa6 Kg7 28. Qc4 Ra8 29. Qb3 Ra7 30. a4 g4 31. Bf4 gxf3 32. Qxf3 Kh7 33. Bxh6 Nxe4 34. Qxe4+ Kxh6 35. R1b3 1-0